Movies Quiz

Random Movies or Blitz Quiz
Score 0/20 Timer 01:00
3 Plays Today
% Correct
Pink
97.1%
Hunter
97%
Wait
96.3%
Galactica
96.2%
Body
95.5%
Train
94.2%
Holly
93.6%
Rings
93.6%
Tomatoes
93.3%
Way
93%
% Correct
Dead
92.9%
House
92.1%
Express
91.9%
Down
90.9%
Nile
90.2%
Omen
88.9%
Brazil
87.4%
South
82.1%
Smoke
82.1%
Heaven
79.9%
Remove Ads.
Support Sporcle.
Get the best of Sporcle when you Go Orange. This ad-free experience offers more features, more stats, and more fun while also helping to support Sporcle. Thank you for becoming a member.

You're not logged in!

Compare scores with friends on all Sporcle quizzes.
OR
Log In

Sporcle TV

Today on Sporcle TV


Watch our educational content, quiz creation guides, and fun videos on Sporcle TV.

Show Comments

Extras

Top Quizzes Today


Score Distribution

Paid Content

Your Account Isn't Verified!

In order to create a playlist on Sporcle, you need to verify the email address you used during registration. Go to your Sporcle Settings to finish the process.

Report this User

Report this user for behavior that violates our Community Guidelines.

Details: